Rozamiento /

El maestro de la escuela de Villa Natural prepara en cada capítulo una clase para sus alumnos relacionada con las Ciencias Naturales. Para su preparación contará con la ayuda de Adela, la bibliotecaria del pueblo y de Cosme, el inventor más disparatado. Este episodio pertenece a la serie "Horiz...

Descripción completa

Guardado en:
Autor Principal: Blejman, Diego
Autor Corporativo: Canal Encuentro.
Formato: Deslizar
Publicado: Argentina, 2009
Series:Horizontes. Ciencias Naturales
Materias:
Acceso en línea:https://www.educ.ar/recursos/106411/rozamiento
Etiquetas: Agregar Etiqueta
Sin Etiquetas, Sea el primero en etiquetar este registro!
LEADER 01761ngm a22003015g 4500
001 CEM.cems023931
008 130507s2009##################0###0#####d
005 20250716171335.0
245 1 0 |a Rozamiento /  |c Diego Blejman. 
260 |a Argentina,  |c 2009 
300 |a 26'. 
490 0 |a Horizontes. Ciencias Naturales 
500 |a Consultar en ventanilla. 
520 |a El maestro de la escuela de Villa Natural prepara en cada capítulo una clase para sus alumnos relacionada con las Ciencias Naturales. Para su preparación contará con la ayuda de Adela, la bibliotecaria del pueblo y de Cosme, el inventor más disparatado. Este episodio pertenece a la serie "Horizontes Ciencias Naturales". -- La naturaleza está a nuestro alcance. Hacemos uso de sus recursos, disfrutamos sus paisajes, habitamos sus ambientes. Podemos enriquecer esa experiencia al comprender sus fenómenos, sus leyes y sus enigmas. Una propuesta con la teoría y la práctica justa para aprender y apreciar cada día mejor las fuentes de energía, los ecosistemas, el cuerpo humano, los fósiles, los microorganismos, el sistema solar, la Luna, los cambios climáticos, los instrumentos que utilizan los científicos para acercarse al conocimiento y todos los temas que interesan a las Ciencias Naturales. 
538 |a Soporte: DVD - Grabación DRD 
100 1 |a Blejman, Diego 
710 2 |a Canal Encuentro. 
082 5 0 |/ BLE-1 
653 |a CIENCIAS 
653 |a CIENCIAS NATURALES 
653 |a HORIZONTES 
653 |a ROZAMIENTO 
653 |a FISICA 
653 |a CALOR 
653 |a MOVIMIENTO 
653 |a SERIE DE TELEVISIÓN 
856 |u https://www.educ.ar/recursos/106411/rozamiento 
859 |a CEMS  |b BIB. CEMS - Depto. Recursos Didacticos  |h 500  |i BLE-1  |k DRD  |p 2574.15  |t Ej.1